Diseño y construcción de un sistema de control sencillo para el manejo de un sistema independiente de energía eléctrica
محفوظ في:
| المؤلف الرئيسي: | |
|---|---|
| التنسيق: | كتاب |
| منشور في: |
[San José, Costa Rica]
2007
|
| الموضوعات: | |
| الوسوم: |
إضافة وسم
لا توجد وسوم, كن أول من يضع وسما على هذه التسجيلة!
|
MARC
| LEADER | 00000nam a2200000Ia 4500 | ||
|---|---|---|---|
| 003 | 010353 | ||
| 005 | 20221231144058.0 | ||
| 008 | 140114s2007 cr a 000 ||s d | ||
| 040 | |c cru CEDI | ||
| 090 | |a TFG 5686 | ||
| 100 | |a Badilla Meza, David |9 2917 | ||
| 245 | |a Diseño y construcción de un sistema de control sencillo para el manejo de un sistema independiente de energía eléctrica | ||
| 260 | |c 2007 |b [San José, Costa Rica] | ||
| 300 | |a viii, 56 hoja; ilustraciones a color | ||
| 500 | |a Proyecto de graduación (bachiller en ingeniería eléctrica)--Universidad de Costa Rica. Facultad de Ingeniería. Escuela de Ingeniería Eléctrica | ||
| 650 | |x ENERGIA ELECTRICA |x CONTROL DE SISTEMAS DE ENERGIA ELECTRICA |x REGULADORES ELECTRICOS |x CORRIENTES ELECTRICAS |x MEDICIONES |9 4273 | ||
| 942 | |c TFG | ||
| 999 | |c 16573 |d 16573 | ||
